| 000 | 00572ata a2200229 4500 | ||
|---|---|---|---|
| 005 | 20161118110925.0 | ||
| 008 | 150526b xxu||||| |||| 00| 0 spa d | ||
| 041 | _aspa | ||
| 082 | _a1.4.10 P441l | ||
| 100 |
_aPeris, Alfredo _932783 |
||
| 100 |
_aMasats, Joan _932784 |
||
| 245 | _aEl libro del vino: guía de vinos de Espana | ||
| 260 | _c2000 | ||
| 300 | _a96 páginas | ||
| 650 |
_aENOLOGÍA _912603 |
||
| 650 |
_aVINOS _910613 |
||
| 650 |
_aBODEGA _932785 |
||
| 650 |
_aCOPAS _919662 |
||
| 650 |
_aCATA _932786 |
||
| 650 |
_aDEGUSTACIÓN _929245 |
||
| 942 | _cBK | ||
| 999 |
_c5980 _d5980 |
||